Normal view
MARC view
- Haig, Wolseley
Entry Personal Name
001 - CONTROL NUMBER
- control field: 50396
003 - CONTROL NUMBER IDENTIFIER
- control field: NUST
005 - DATE AND TIME OF LATEST TRANSACTION
- control field: 20210314134623.0
008 - FIXED-LENGTH DATA ELEMENTS
- fixed length control field: 210314|| aca||aabn | a|a d
040 ## - CATALOGING SOURCE
- Original cataloging agency: NUST
- Transcribing agency: NUST
100 ## - HEADING--PERSONAL NAME
- Personal name: Haig, Wolseley
670 ## - SOURCE DATA FOUND
- Source citation: Work cat.: (NUST): The Cambridge history of India, 1962-
